| Tag |
First Indicator |
Second Indicator |
Subfields |
| LEADER |
00000cam a2200000 a 4500 |
| 001 |
in00000084210 |
| 005 |
20151008055718.0 |
| 008 |
810817s1981 cauacf b 00110aeng |
| 010 |
|
|
|a 78059454
|
| 020 |
|
|
|a 0520037456 :
|c $12.95
|
| 035 |
|
|
|a (OCoLC)07102060
|
| 035 |
|
|
|9 AAJ4181AM
|
| 039 |
0 |
|
|a 2
|b 3
|c 3
|d 3
|e 3
|
| 040 |
|
|
|a DLC
|c DLC
|d TXA
|d UtOrBLW
|
| 043 |
|
|
|a n-us---
|
| 049 |
|
|
|a TXAM
|c [1361900]
|a TXAS [jams]
|c 2
|
| 050 |
0 |
0 |
|a CT275.J29
|b A4 1981
|
| 082 |
0 |
|
|a 973.8/092/2
|a B
|2 19
|
| 100 |
1 |
|
|a James, Alice,
|d 1848-1892.
|
| 245 |
1 |
4 |
|a The death and letters of Alice James :
|b selected correspondence /
|c edited, with a biographical essay, by Ruth Bernard Yeazell.
|
| 264 |
|
1 |
|a Berkeley :
|b University of California Press,
|c [1981]
|
| 264 |
|
4 |
|c ©1981
|
| 300 |
|
|
|a viii, 214 pages, 16 unnumbered pages of plates :
|b illustrations, portraits ;
|c 23 cm.
|
| 336 |
|
|
|a text
|b txt
|2 rdacontent
|
| 337 |
|
|
|a unmediated
|b n
|2 rdamedia
|
| 338 |
|
|
|a volume
|b nc
|2 rdacarrier
|
| 504 |
|
|
|a Includes bibliographical references and index.
|
| 600 |
1 |
0 |
|a James, Alice,
|d 1848-1892.
|
| 600 |
3 |
0 |
|a James family.
|
| 651 |
|
0 |
|a United States
|v Biography.
|
| 700 |
1 |
|
|a Yeazell, Ruth Bernard.
|
| 999 |
|
|
|a MARS
|
| 999 |
f |
f |
|s 3f09358e-fbd3-3204-8816-cf254d0936dc
|i 1037aa5d-a5e4-3df6-b94e-60be756d6707
|t 0
|
| 952 |
f |
f |
|p ric
|a Texas A&M University
|b Rellis Campus
|c Joint Library Facility
|d Remote Storage
|t 0
|e CT275.J29 A4 1981
|h Library of Congress classification
|i unmediated -- volume
|m A14806094193
|
| 952 |
f |
f |
|p noncirc
|a Texas A&M University
|b College Station
|c Cushing Memorial Library & Archives
|d Cushing: Literature/James (Does not check out)
|t 0
|e CT275.J29 A4 1981
|h Library of Congress classification
|i unmediated -- volume
|m A14852117309
|
| 998 |
f |
f |
|a CT275.J29 A4 1981
|t 0
|l Cushing: Literature/James (Does not check out)
|
| 998 |
f |
f |
|a CT275.J29 A4 1981
|t 0
|l Remote Storage
|